El abogado visto por dentro (Record no. 142919)

MARC details
000 -LEADER
campo de control de longitud fija 00496nam a2200157 i 4500
001 - NÚMERO DE CONTROL
campo de control 142919
003 - IDENTIFICADOR DE NÚMERO DE CONTROL
campo de control ES-MaACL
005 - FECHA Y HORA DE LA ÚLTIMA TRANSACCIÓN
campo de control 20230906200648.0
007 - CAMPO FIJO DE DESCRIPCIÓN FÍSICA--INFORMACIÓN GENERAL
campo de control de longitud fija t|
008 - DATOS DE LONGITUD FIJA--INFORMACIÓN GENERAL
campo de control de longitud fija 071010s1974 sp ||||1| spa d
100 1# - ENTRADA PRINCIPAL--NOMBRE DE PERSONA
Nombre de persona Vicente Gella, Fausto.
9 (RLIN) 114356
245 13 - MENCIÓN DEL TÍTULO
Título El abogado visto por dentro
Resto del título : conferencia... el 15 de diciembre de 1973 /
Mención de responsabilidad, etc. Fausto Vicente Gella.
260 ## - PUBLICACIÓN, DISTRIBUCIÓN, ETC.
Lugar de publicación, distribución, etc. Madrid :
Nombre del editor, distribuidor, etc. [s.n.],
Fecha de publicación, distribución, etc. 1974 (
Fabricante Gráf. Unión)
300 ## - DESCRIPCIÓN FÍSICA
Extensión 15 p. ;
Dimensiones 25 cm.
852 ## - LOCALIZACIÓN
Ubicación ES-MaACL
Número de control de estantería 2069-F-23
Sublocalización o colección R.92008
Holdings
Estatus retirado Estado de pérdida Estado de daño No para préstamo Colección Biblioteca de origen Biblioteca actual Ubicación en estantería Fecha de adquisición Fuente de adquisición Total de préstamos Signatura topográfica completa Código de barras Visto por última vez Precio de reemplazo Tipo de ítem Koha
        Colección de folletos Biblioteca del Ateneo de Madrid Biblioteca del Ateneo de Madrid Depósito folletos 17/01/2008     2069-F-23 1148701 23/02/2023 23/02/2023 Folleto